La dictadura militar en la marina mercante (Record no. 56440)
[ view plain ]
| 000 -LEADER | |
|---|---|
| campo de control de longitud fija | 00497nam a2200157 i 4500 |
| 001 - NÚMERO DE CONTROL | |
| campo de control | 56440 |
| 003 - IDENTIFICADOR DE NÚMERO DE CONTROL | |
| campo de control | ES-MaACL |
| 005 - FECHA Y HORA DE LA ÚLTIMA TRANSACCIÓN | |
| campo de control | 20230906163353.0 |
| 007 - CAMPO FIJO DE DESCRIPCIÓN FÍSICA--INFORMACIÓN GENERAL | |
| campo de control de longitud fija | t| |
| 008 - DATOS DE LONGITUD FIJA--INFORMACIÓN GENERAL | |
| campo de control de longitud fija | 031009s1931 sp |||| | spa d |
| 245 03 - MENCIÓN DEL TÍTULO | |
| Título | La dictadura militar en la marina mercante |
| Resto del título | : a la Comisión de Marina de las Cortes Constituyentes. |
| 260 ## - PUBLICACIÓN, DISTRIBUCIÓN, ETC. | |
| Lugar de publicación, distribución, etc. | Bilbao : |
| Nombre del editor, distribuidor, etc. | [s.n., |
| Fecha de publicación, distribución, etc. | 1931] ( |
| Fabricante | Imp. J. Santos) |
| 300 ## - DESCRIPCIÓN FÍSICA | |
| Extensión | 18 p. ; |
| Dimensiones | 15 cm. |
| 650 ## - PUNTO DE ACCESO ADICIONAL DE MATERIA--TÉRMINO DE MATERIA | |
| Término de materia o nombre geográfico como elemento de entrada | Marina mercante- |
| Subdivisión geográfica | España- |
| Subdivisión cronológica | S.XX. |
| 9 (RLIN) | 153541 |
| 852 ## - LOCALIZACIÓN | |
| Ubicación | ES-MaACL |
| Número de control de estantería | 1706-F-17 |
| Estatus retirado | Estado de pérdida | Estado de daño | No para préstamo | Colección | Biblioteca de origen | Biblioteca actual | Ubicación en estantería | Fecha de adquisición | Fuente de adquisición | Total de préstamos | Signatura topográfica completa | Código de barras | Visto por última vez | Precio de reemplazo | Tipo de ítem Koha |
|---|---|---|---|---|---|---|---|---|---|---|---|---|---|---|---|
| Colección de folletos | Biblioteca del Ateneo de Madrid | Biblioteca del Ateneo de Madrid | Depósito folletos | 17/01/2008 | 1706-F-17 | 1059278 | 23/02/2023 | 23/02/2023 | Folleto |
